000 00541nam a2200193Ia 4500
005 20250326145215.0
008 250326s9999 xx 000 0 und d
037 _aTextbook
040 _aFMSL
_beng
_cFMSL
041 _aeng
_2eng
084 _aX:89A Q0
_qFMSL
100 _aSingh A N
245 0 _aLean manufacturing: principles to practice
_cSingh A N
260 _aDelhi
_bDelhi, NCR Lean Solutions
_c2010
365 _b769.82939999999996
650 _aManagement
942 _cTB
_hX:89A Q0
999 _c1306750
_d1306750